| 000 | 00614nam a2200205Ia 4500 | ||
|---|---|---|---|
| 005 | 20260429112213.0 | ||
| 008 | 260429s9999||||xx |||||||||||||| ||und|| | ||
| 020 | _a9789811285011 | ||
| 041 | _aEnglish | ||
| 082 |
_a511.5 _bKOH |
||
| 100 | _aKoh, Khee-meng | ||
| 245 | 0 |
_aIntroduction to graph theory : _bwith solutions to selected problems / _cKhee-meng Koh |
|
| 260 |
_aSingapore : _bWorld Scientific Publishing Co. Pte. Ltd., _c2024. |
||
| 300 | _axiv, 294 p.; pbk | ||
| 650 | _a Discrete mathematics | ||
| 650 | _aGraph theory | ||
| 700 | _a Dong, Fengming | ||
| 700 | _a Tay, Eng Guan | ||
| 942 | _cTB | ||
| 999 |
_c52880 _d52880 |
||